Докладная записка заместителя председателя СНК СССР В. М. Молотова и председателя Госплана СССР Н. А. Вознесенского И. В. Сталин...

RUSMARC
00005439cbm0a2200325#x 450
00189440032-e589-4842-879d-b97784075455
00520251127153943.0
100##$a20251126j19450806k###0rusy50 ca
1010#$arus
$ceng
102##$aRU
105##$ay###z########
1220#$ad19450806##
2001#$aДокладная записка заместителя председателя СНК СССР В. М. Молотова и председателя Госплана СССР Н. А. Вознесенского И. В. Сталину о составлении пятилетнего плана восстановления и развития народного хозяйства и железнодорожного транспорта СССР
$j6 августа 1945 г.
251##$cДокумент
300##$aКопия
461#0$12001
$aФ. 17
$1251
$cФонд
$1852
$j17
462#0$12001
$aОп. 163
$1251
$cОпись
$1852
$j163
462#0$12001
$aД. 1461
$vЛ. 2
$1251
$cДело
$1852
$j1461
600#1$2prlib_sh
$3LIBNET\UAF\0000091171
$aСталин
$bИ. В.
$gИосиф Виссарионович
$f1879-1953
$xАвтографы
$jДокументы и материалы
605##$2prlib_sh
$3LIBNET\UAF\0000088514
$aВторая мировая война в архивных документах (Комплекс оцифрованных архивных документов, кино- и фотоматериалов)
$lколлекция
605##$2acquisition_Prlib
$3DITM\AF\0000002775
$aВласть
$lколлекция
605##$2acquisition_Prlib
$3DITM\AF\0000003834
$aНарод
$lколлекция
6061#$2nlr_sh1
$3RU\NLR\AUTH\66399062
$aЖелезнодорожный транспорт
$yСССР
$xПятилетний план
$z1946 - 1950
$jДокументы и материалы
607##$2nlr_sh1
$3RU\NLR\AUTH\66259222
$aСССР
$xНародное хозяйство
$xПятилетний план
$z1946 - 1950
$jДокументы и материалы
686##$a63.3(2)631-2ю1
$vLBC/M
$2rubbk
801#0$aRU
$bПБ им. Б.Н. Ельцина
$c20251126
801#1$aRU
$bПБ им. Б.Н. Ельцина
$c20251126
$2rusmarc
801#2$aRU
$bПБ им. Б.Н. Ельцина
$c20251127
$2rusmarc
850##$aРоссийский государственный архив социально-политической истории
852##$aРГАСПИ
$jЛ. 2
035##$aLIBNET\0001515136
937##$d198506314
$hФедеральное архивное агентство
8564#$uhttp://readingroom.main.prlib.ru/item.aspx?id_node=n198506314&mode=full
Формат отображения